000 00681nam a2200241 a 4500
008
020 _a0781728290 (pbk.)
049 _aMAIN
090 _aQM451
_bFIX
100 1 _aFix, James D.
245 1 0 _aNeuroanatomy /
_cJames D. Fix.
250 _a3rd ed.
260 _aPhiladephia :
_bLippincott Williams and Wilkins,
_cc2002.
300 _axvii, 457 p. :
_bill. ;
_c25 cm.
440 _aBoard review series.
500 _aIncludes index.
650 1 _aNeuroanatomy
_xExaminations Questions.
907 _a.b10261631
_b17-11-09
_c26-03-09
003
005 20230123124931.0
040 _cNUST
942 _cBOOKS
_kQM451
_mFIX
999 _c132825
_d132825